1096 1799 1136 1642 1398 1278 1486 1950 1137 1902 1054 1384 1150 1444 1933 1708 1941 1297 1227 1860 1327 1569 1222 1565 1996 1150 1184 1722 1592 1431 1347 1554 1646 1365 1790 1497 1361 1931 1585 1945 1962 1630 1630 1480 1517 1746 1049 1152 1149 1567 1741 1056 1131 1686 1482 1296 1725 1590 1278 1576 1981 1659 1621 1724 1327 1711 1355 1169 1754 1202 1485 1680 1426 1565 1340 1499 1463 1350 1969 1855 1365 1364 1332 1206 1389 1322 1909 1084 1273 1038 1791 1934 1695 1337 1357 1961 1757 1443 1859 BCNSPRNW ULIB Ver.6.0+V

เปลี่ยนเป็นภาษาไทย

Change to English
 แสดงรายละเอียดบรรณานุกรม
  กลับหน้าหลัก

Brief Record : Get Marc (ISO 2709) : E-mail record : QR code < ปิดหน้าต่าง
LEADER : 00000nam 2200000uu 4500
001    13399121705
003     ULIB
008    121130s2549||||th 000 0 tha d
020    ^a9749450175
099    ^aนว.ฬ111ด ล.2
100    ^aฬีฬา
245    ^aดวงตาในดวงใจ/^cฬีฬา
250    ^aพิมพ์ครั้งที่ 1
260    ^aกรุงเทพฯ :^bยาหยี-ยาใจ,^c2549
300    ^a292 หน้า
945    ^p0^l0^i020199
995    ^a เกษร
999    ^aใช้งานได้ทุกระบบ
รายการนี้ยังไม่มีแท็ก
คุณยังไม่ได้ล็อกอิน คุณสามารถมีกิจกรรมร่วมกับเว็บไซต์ได้ แต่ต้องล็อกอินก่อน ::
  ล็อกอิน

รายการสื่อสารสนเทศ

ลำดับที่ ประเภท เลขเรียก/บาร์โค้ด สถานที่ สถานะ
1. นวนิยาย
นวนิยาย
นว.ฬ111ด ล.2  
  Barcode: 020199
ห้องสมุดวิทยาเขตสวรรค์ประชารักษ์
►นวนิยาย
บนชั้น
  ขอยืม

รายการใกล้เคียง
    ผู้แต่ง [ฬีฬา]

BibComment


ยังไม่เคยถูกคอมเมนท์

คอมเมนท์ทรัพยากรรายการนี้
  คอมเมนท์: ดวงตาในดวงใจ ฬีฬา


 Copyright 2026. Bcnsprnw @Library